[Event "Stay Safe Play From Home 407"]
[Site "Emanuel Lasker Arena"]
[Date "2020.08.24"]
[Round "7"]
[White "Ionelluca"]
[Black "Hickey"]
[Result "1-0"]
[WhiteElo "2037"]
[BlackElo "2181"]
[PlyCount "119"]
[EventDate "2020.08.24"]
[EventType "swiss (blitz)"]

1. c4 {[%emt 0:00:09]} Nf6 {[%emt 0:00:02]} 2. Nc3 {[%emt 0:00:02]} c5 {[%emt 0:00:02]} 3. g3 {[%emt 0:00:01]} d5 {[%emt 0:00:09]} 4. cxd5 {[%emt 0:00:01]} Nxd5 {[%emt 0:00:00]} 5. Bg2 {[%emt 0:00:00]} Nc7 {[%emt 0:00:05]} 6. d3 {[%emt 0:00:01]} Nc6 {[%emt 0:00:06]} 7. Be3 {[%emt 0:00:00]} e5 {[%emt 0:00:07]} 8. Rc1 {[%emt 0:00:01]} Bd7 {[%emt 0:00:09]} 9. Ne4 {[%emt 0:00:01]} b6 {[%emt 0:00:03]} 10. Nf3 {[%emt 0:00:03]} Be7 {[%emt 0:00:09]} 11. O-O {[%emt 0:00:06]} O-O {[%emt 0:00:02]} 12. Nc3 {[%emt 0:00:09]} Rc8 {[%emt 0:00:14]} 13. Qd2 {[%emt 0:00:10]} Ne6 {[%emt 0:00:08]} 14. Nd5 {[%emt 0:00:03]} Bd6 {[%emt 0:00:04]} 15. Ng5 {[%emt 0:00:05]} Nxg5 {[%emt 0:00:14]} 16. Bxg5 {[%emt 0:00:02]} f6 {[%emt 0:00:00]} 17. Be3 {[%emt 0:00:02]} Be6 {[%emt 0:00:00]} 18. f4 {[%emt 0:00:05]} exf4 {[%emt 0:00:04]} 19. Bxf4 {[%emt 0:00:04]} Bxf4 {[%emt 0:00:04]} 20. Nxf4 {[%emt 0:00:01]} Bxa2 {[%emt 0:00:04]} 21. Ra1 {[%emt 0:00:12]} Bf7 {[%emt 0:00:03]} 22. Bxc6 {[%emt 0:00:05]} Rxc6 {[%emt 0:00:00]} 23. Rxa7 {[%emt 0:00:01]} Qd4+ {[%emt 0:00:07]} 24. e3 {[%emt 0:00:03]} Qd6 {[%emt 0:00:02]} 25. Rfa1 {[%emt 0:00:05]} Rc7 {[%emt 0:00:05]} 26. Rxc7 {[%emt 0:00:08]} Qxc7 {[%emt 0:00:00]} 27. Qg2 {[%emt 0:00:01]} Re8 {[%emt 0:00:10]} 28. Ra8 {[%emt 0:00:02]} g6 {[%emt 0:00:09]} 29. Rxe8+ {[%emt 0:00:11]} Bxe8 {[%emt 0:00:00]} 30. Nd5 {[%emt 0:00:04]} Qe5 {[%emt 0:00:03]} 31. Qe4 {[%emt 0:00:03]} b5 {[%emt 0:00:19]} 32. Nxf6+ {[%emt 0:00:07]} Qxf6 {[%emt 0:00:02]} 33. Qxe8+ {[%emt 0:00:01]} Kg7 {[%emt 0:00:00]} 34. Qxb5 {[%emt 0:00:01]} Qf3 {[%emt 0:00:01]} 35. Qd7+ {[%emt 0:00:06]} Kh6 {[%emt 0:00:01]} 36. Qh3+ {[%emt 0:00:02]} Kg7 {[%emt 0:00:00]} 37. Qe6 {[%emt 0:00:02]} Qd1+ {[%emt 0:00:01]} 38. Kf2 {[%emt 0:00:01]} Qd2+ {[%emt 0:00:00]} 39. Kf3 {[%emt 0:00:01]} Qxb2 {[%emt 0:00:00]} 40. Qd5 {[%emt 0:00:03]} Qxh2 {[%emt 0:00:01]} 41. Qe5+ {[%emt 0:00:02]} Kh6 {[%emt 0:00:00]} 42. Qf4+ {[%emt 0:00:02]} Kg7 {[%emt 0:00:02]} 43. Qc7+ {[%emt 0:00:01]} Kh6 {[%emt 0:00:00]} 44. Qxc5 {[%emt 0:00:01]} Qh1+ {[%emt 0:00:00]} 45. Kf4 {[%emt 0:00:04]} Qf1+ {[%emt 0:00:01]} 46. Ke5 {[%emt 0:00:01]} Qg2 {[%emt 0:00:01]} 47. Qd4 {[%emt 0:00:01]} Qxg3+ {[%emt 0:00:01]} 48. Qf4+ {[%emt 0:00:00]} Qxf4+ {[%emt 0:00:00]} 49. exf4 {[%emt 0:00:01]} Kg7 {[%emt 0:00:00]} 50. d4 {[%emt 0:00:01]} h5 {[%emt 0:00:00]} 51. Ke6 {[%emt 0:00:01]} h4 {[%emt 0:00:01]} 52. d5 {[%emt 0:00:01]} h3 {[%emt 0:00:00]} 53. d6 {[%emt 0:00:01]} h2 {[%emt 0:00:00]} 54. d7 {[%emt 0:00:01]} h1=Q {[%emt 0:00:00]} 55. d8=Q {[%emt 0:00:01]} Qh3+ {[%emt 0:00:01]} 56. Ke5 {[%emt 0:00:01]} Qe6+ {[%emt 0:00:00]} 57. Kd4 {[%emt 0:00:02]} Kh7 {[%emt 0:00:00]} 58. Qd5 {[%emt 0:00:02]} Qf7 {[%emt 0:00:00]} 59. Qe4 {[%emt 0:00:01]} Kh6 {[%emt 0:00:00]} 60. Qe5 {[%emt 0:00:01] Time Time Time (Lag: Av=0.62s, max=1.0s) (Lag: Av=0.62s, max=1.0s) (Lag: Av=0.62s, max=1.0s) ' ' '} 1-0

[Event "Stay Safe Play From Home 407"]
[Site "Emanuel Lasker Arena"]
[Date "2020.08.24"]
[Round "7"]
[White "Lazieri3"]
[Black "Greblah"]
[Result "0-1"]
[WhiteElo "1958"]
[BlackElo "1942"]
[PlyCount "138"]
[EventDate "2020.08.24"]
[EventType "swiss (blitz)"]

1. e4 {[%emt 0:00:02]} c6 {[%emt 0:00:00]} 2. d4 {[%emt 0:00:01]} d5 {[%emt 0:00:00]} 3. Nc3 {[%emt 0:00:01]} dxe4 {[%emt 0:00:01]} 4. Nxe4 {[%emt 0:00:00]} Nf6 {[%emt 0:00:01]} 5. Nxf6+ {[%emt 0:00:00]} gxf6 {[%emt 0:00:00]} 6. Nf3 {[%emt 0:00:00]} Bg4 {[%emt 0:00:01]} 7. Be3 {[%emt 0:00:01]} Nd7 {[%emt 0:00:02]} 8. h3 {[%emt 0:00:01]} Bh5 {[%emt 0:00:01]} 9. Be2 {[%emt 0:00:01]} e6 {[%emt 0:00:01]} 10. Nd2 {[%emt 0:00:01]} Bg6 {[%emt 0:00:03]} 11. Bf3 {[%emt 0:00:01]} Bd6 {[%emt 0:00:02]} 12. c3 {[%emt 0:00:01]} Nb6 {[%emt 0:00:01]} 13. Qe2 {[%emt 0:00:02]} Qc7 {[%emt 0:00:02]} 14. Nc4 {[%emt 0:00:01]} Nxc4 {[%emt 0:00:01]} 15. Qxc4 {[%emt 0:00:00]} Bf4 {[%emt 0:00:01]} 16. Qe2 {[%emt 0:00:04]} O-O {[%emt 0:00:02]} 17. Bxf4 {[%emt 0:00:01]} Qxf4 {[%emt 0:00:01]} 18. Qe3 {[%emt 0:00:00]} Qxe3+ {[%emt 0:00:01]} 19. fxe3 {[%emt 0:00:00]} f5 {[%emt 0:00:01]} 20. O-O {[%emt 0:00:03]} Rac8 {[%emt 0:00:03]} 21. Rae1 {[%emt 0:00:01]} Rfd8 {[%emt 0:00:01]} 22. e4 {[%emt 0:00:01]} fxe4 {[%emt 0:00:01]} 23. Bxe4 {[%emt 0:00:00]} b6 {[%emt 0:00:05]} 24. Rf3 {[%emt 0:00:10]} c5 {[%emt 0:00:03]} 25. dxc5 {[%emt 0:00:02]} Rxc5 {[%emt 0:00:04]} 26. Bxg6 {[%emt 0:00:08]} hxg6 {[%emt 0:00:03]} 27. Re2 {[%emt 0:00:01]} Rd1+ {[%emt 0:00:04]} 28. Kf2 {[%emt 0:00:02]} Rcd5 {[%emt 0:00:02]} 29. Rfe3 {[%emt 0:00:02]} R1d2 {[%emt 0:00:02]} 30. c4 {[%emt 0:00:04]} Rd8 {[%emt 0:00:03]} 31. b3 {[%emt 0:00:03]} Kg7 {[%emt 0:00:01]} 32. Kf3 {[%emt 0:00:18]} Rd1 {[%emt 0:00:01]} 33. h4 {[%emt 0:00:08]} Rf1+ {[%emt 0:00:01]} 34. Rf2 {[%emt 0:00:11]} Rh1 {[%emt 0:00:06]} 35. g3 {[%emt 0:00:02]} Rdd1 {[%emt 0:00:03]} 36. Ree2 {[%emt 0:00:07]} Rd3+ {[%emt 0:00:03]} 37. Re3 {[%emt 0:00:01]} Rhd1 {[%emt 0:00:02]} 38. Ke4 {[%emt 0:00:06]} Rd4+ {[%emt 0:00:03]} 39. Kf3 {[%emt 0:00:01]} Rd7 {[%emt 0:00:12]} 40. Kg2 {[%emt 0:00:02]} Ra1 {[%emt 0:00:02]} 41. Ref3 {[%emt 0:00:04]} Rad1 {[%emt 0:00:02]} 42. Kh2 {[%emt 0:00:02]} f5 {[%emt 0:00:04]} 43. Re2 {[%emt 0:00:03]} Kf6 {[%emt 0:00:02]} 44. Rfe3 {[%emt 0:00:02]} R7d6 {[%emt 0:00:02]} 45. Kg2 {[%emt 0:00:01]} R1d4 {[%emt 0:00:06]} 46. Kf3 {[%emt 0:00:02]} Rg4 {[%emt 0:00:03]} 47. Re1 {[%emt 0:00:05]} Rgd4 {[%emt 0:00:01]} 48. R1e2 {[%emt 0:00:01]} Kf7 {[%emt 0:00:01]} 49. Re5 {[%emt 0:00:04]} Rd3+ {[%emt 0:00:02]} 50. R5e3 {[%emt 0:00:01]} Rxe3+ {[%emt 0:00:01]} 51. Kxe3 {[%emt 0:00:02]} e5 {[%emt 0:00:03]} 52. Rc2 {[%emt 0:00:07]} Rd1 {[%emt 0:00:09]} 53. c5 {[%emt 0:00:02]} bxc5 {[%emt 0:00:02]} 54. Rxc5 {[%emt 0:00:00]} Re1+ {[%emt 0:00:03]} 55. Kf2 {[%emt 0:00:02]} Rd1 {[%emt 0:00:08]} 56. Rc7+ {[%emt 0:00:02]} Kf6 {[%emt 0:00:01]} 57. Rxa7 {[%emt 0:00:00]} e4 {[%emt 0:00:01]} 58. Ra5 {[%emt 0:00:02]} g5 {[%emt 0:00:02]} 59. h5 {[%emt 0:00:03]} f4 {[%emt 0:00:02]} 60. gxf4 {[%emt 0:00:01]} gxf4 {[%emt 0:00:01]} 61. h6 {[%emt 0:00:01]} Rd2+ {[%emt 0:00:01]} 62. Ke1 {[%emt 0:00:01]} Rh2 {[%emt 0:00:01]} 63. b4 {[%emt 0:00:02]} e3 {[%emt 0:00:01]} 64. Kf1 {[%emt 0:00:09]} f3 {[%emt 0:00:03]} 65. Kg1 {[%emt 0:00:04]} e2 {[%emt 0:00:01]} 66. Kxh2 {[%emt 0:00:02]} e1=Q {[%emt 0:00:01]} 67. Ra6+ {[%emt 0:00:01]} Kg5 {[%emt 0:00:02]} 68. h7 {[%emt 0:00:03]} Qf2+ {[%emt 0:00:01]} 69. Kh3 {[%emt 0:00:02]} Qg2# {[%emt 0:00:01] (Lag: Av=0.42s, max=1.1s) (Lag: Av=0.42s, max=1.1s) (Lag: Av=0.42s, max=1.1s)} 0-1

[Event "Stay Safe Play From Home 407"]
[Site "Emanuel Lasker Arena"]
[Date "2020.08.24"]
[Round "7"]
[White "Klasman"]
[Black "Mepe_Nika"]
[Result "0-1"]
[WhiteElo "1512"]
[BlackElo "2349"]
[PlyCount "32"]
[EventDate "2020.08.24"]
[EventType "swiss (blitz)"]

1. f4 {[%emt 0:00:20]} e5 {[%emt 0:00:02]} 2. fxe5 {[%emt 0:00:02]} d6 {[%emt 0:00:01]} 3. Nf3 {[%emt 0:00:01]} Nc6 {[%emt 0:00:03]} 4. e4 {[%emt 0:00:02]} dxe5 {[%emt 0:00:01]} 5. Bb5 {[%emt 0:00:01]} Bd6 {[%emt 0:00:02]} 6. O-O {[%emt 0:00:02]} Nge7 {[%emt 0:00:01]} 7. d4 {[%emt 0:00:02]} O-O {[%emt 0:00:02]} 8. Bxc6 {[%emt 0:00:06]} Nxc6 {[%emt 0:00:01]} 9. d5 {[%emt 0:00:02]} Ne7 {[%emt 0:00:01]} 10. Be3 {[%emt 0:00:05]} f5 {[%emt 0:00:01]} 11. exf5 {[%emt 0:00:06]} Nxf5 {[%emt 0:00:01]} 12. Bf2 {[%emt 0:00:04]} e4 {[%emt 0:00:02]} 13. Nd4 {[%emt 0:00:02]} e3 {[%emt 0:00:04]} 14. Ne6 {[%emt 0:00:12]} exf2+ {[%emt 0:00:03]} 15. Rxf2 {[%emt 0:00:01]} Bxe6 {[%emt 0:00:04]} 16. dxe6 {[%emt 0:00:09]} Bxh2+ {[%emt 0:00:02] Klasman resigns Klasman resigns Klasman resigns (Lag: Av=0.51s, max=0.7s) (Lag: Av=0.51s, max=0.7s) (Lag: Av=0.51s, max=0.7s)} 0-1

[Event "Stay Safe Play From Home 407"]
[Site "Emanuel Lasker Arena"]
[Date "2020.08.24"]
[Round "7"]
[White "Matsek"]
[Black "Mangar1990"]
[Result "1-0"]
[WhiteElo "1447"]
[BlackElo "1298"]
[Annotator "NA"]
[PlyCount "45"]
[EventDate "2020.08.24"]
[EventType "swiss (blitz)"]

1. e4 {[%emt 0:00:02]} c6 {[%emt 0:00:11]} 2. c4 {[%emt 0:00:03]} d6 {[%emt 0:00:06]} 3. Nc3 {[%emt 0:00:02]} Nf6 {[%emt 0:00:02]} 4. Nf3 {[%emt 0:00:02]} Bg4 {[%emt 0:00:01]} 5. Be2 {[%emt 0:00:01]} e5 {[%emt 0:00:03]} 6. O-O {[%emt 0:00:03]} Be7 {[%emt 0:00:03]} 7. h3 {[%emt 0:00:02]} Bh5 {[%emt 0:00:02]} 8. Re1 {[%emt 0:00:01]} O-O {[%emt 0:00:03]} 9. a3 {[%emt 0:00:01]} Nbd7 {[%emt 0:00:02]} 10. b4 {[%emt 0:00:02]} a6 {[%emt 0:00:05]} 11. d4 {[%emt 0:00:03]} Bxf3 {[%emt 0:00:33]} 12. Bxf3 {[%emt 0:00:02]} exd4 {[%emt 0:00:05]} 13. Qxd4 {[%emt 0:00:02]} Ne5 {[%emt 0:00:02]} 14. Be2 {[%emt 0:00:06]} Re8 {[%emt 0:00:13]} 15. Bb2 {[%emt 0:00:02]} b6 {[%emt 0:00:17]} 16. Rad1 {[%emt 0:00:08]} c5 {[%emt 0:00:03]} 17. Qe3 {[%emt 0:00:07]} Rc8 {[%emt 0:00:21]} 18. Nd5 {[%emt 0:00:19]} Nxd5 {[%emt 0:00:11]} 19. cxd5 {[%emt 0:00:07]} Bf6 {[%emt 0:00:01]} 20. Bxa6 {[%emt 0:00:04]} Rb8 {[%emt 0:00:17]} 21. Bb5 {[%emt 0:00:02]} Re7 {[%emt 0:00:05]} 22. Be2 {[%emt 0:00:20]} b5 {[%emt 0:00:07]} 23. bxc5 {[%emt 0:00:04] Time Time Time ' ' '} 1-0

[Event "Stay Safe Play From Home 407"]
[Site "Emanuel Lasker Arena"]
[Date "2020.08.24"]
[Round "8"]
[White "Ionelluca"]
[Black "Nguyen Hong Anh"]
[Result "0-1"]
[WhiteElo "2060"]
[BlackElo "2078"]
[PlyCount "88"]
[EventDate "2020.08.24"]
[EventType "swiss (blitz)"]

1. c4 {[%emt 0:00:04]} Nf6 {[%emt 0:00:02]} 2. Nc3 {[%emt 0:00:01]} d5 {[%emt 0:00:01]} 3. cxd5 {[%emt 0:00:01]} Nxd5 {[%emt 0:00:00]} 4. g3 {[%emt 0:00:01]} g6 {[%emt 0:00:01]} 5. Bg2 {[%emt 0:00:01]} Nxc3 {[%emt 0:00:01]} 6. bxc3 {[%emt 0:00:01]} Bg7 {[%emt 0:00:01]} 7. Rb1 {[%emt 0:00:01]} c6 {[%emt 0:00:02]} 8. Nf3 {[%emt 0:00:02]} O-O {[%emt 0:00:01]} 9. O-O {[%emt 0:00:01]} Nd7 {[%emt 0:00:01]} 10. a4 {[%emt 0:00:02]} Nc5 {[%emt 0:00:02]} 11. a5 {[%emt 0:00:02]} Bf5 {[%emt 0:00:02]} 12. Rb4 {[%emt 0:00:05]} Qxa5 {[%emt 0:00:04]} 13. Nd4 {[%emt 0:00:25]} Bd7 {[%emt 0:00:13]} 14. Bb2 {[%emt 0:00:06]} e5 {[%emt 0:00:04]} 15. Nf3 {[%emt 0:00:06]} Rad8 {[%emt 0:00:04]} 16. Qc2 {[%emt 0:00:01]} Bf5 {[%emt 0:00:03]} 17. d3 {[%emt 0:00:04]} Nxd3 {[%emt 0:00:10]} 18. e4 {[%emt 0:00:12]} Bc8 {[%emt 0:00:22]} 19. Ra4 {[%emt 0:00:02]} Qb5 {[%emt 0:00:07]} 20. Ba3 {[%emt 0:00:01]} Nc5 {[%emt 0:00:06]} 21. Rb4 {[%emt 0:00:10]} Qa5 {[%emt 0:00:02]} 22. Ra1 {[%emt 0:00:01]} Be6 {[%emt 0:00:05]} 23. Bb2 {[%emt 0:00:03]} Qc7 {[%emt 0:00:03]} 24. Rxa7 {[%emt 0:00:01]} Qb8 {[%emt 0:00:09]} 25. Ra1 {[%emt 0:00:04]} Nd3 {[%emt 0:00:01]} 26. Rba4 {[%emt 0:00:03]} b5 {[%emt 0:00:01]} 27. Ra7 {[%emt 0:00:05]} Nxb2 {[%emt 0:00:03]} 28. Qxb2 {[%emt 0:00:01]} c5 {[%emt 0:00:01]} 29. Ng5 {[%emt 0:00:02]} Bc4 {[%emt 0:00:02]} 30. h4 {[%emt 0:00:09]} b4 {[%emt 0:00:01]} 31. cxb4 {[%emt 0:00:05]} Qxb4 {[%emt 0:00:02]} 32. Qa3 {[%emt 0:00:10]} h6 {[%emt 0:00:07]} 33. Nf3 {[%emt 0:00:02]} Rd3 {[%emt 0:00:02]} 34. Qa5 {[%emt 0:00:10]} Rb3 {[%emt 0:00:09]} 35. Qc7 {[%emt 0:00:06]} Rb1+ {[%emt 0:00:04]} 36. Rxb1 {[%emt 0:00:01]} Qxb1+ {[%emt 0:00:01]} 37. Kh2 {[%emt 0:00:01]} Qxe4 {[%emt 0:00:02]} 38. Qxc5 {[%emt 0:00:02]} Be2 {[%emt 0:00:04]} 39. Ng5 {[%emt 0:00:03]} Qf5 {[%emt 0:00:02]} 40. Be4 {[%emt 0:00:05]} Qg4 {[%emt 0:00:04]} 41. Nxf7 {[%emt 0:00:01]} Qxe4 {[%emt 0:00:02]} 42. Nxh6+ {[%emt 0:00:06]} Bxh6 {[%emt 0:00:01]} 43. Qe7 {[%emt 0:00:01]} Rxf2+ {[%emt 0:00:03]} 44. Kh3 {[%emt 0:00:03]} Qg4# {[%emt 0:00:01] (Lag: Av=1.13s, max=2.0s) (Lag: Av=1.13s, max=2.0s) (Lag: Av=1.13s, max=2.0s)} 0-1

[Event "Stay Safe Play From Home 407"]
[Site "Emanuel Lasker Arena"]
[Date "2020.08.24"]
[Round "8"]
[White "Greblah"]
[Black "Hickey"]
[Result "0-1"]
[WhiteElo "1960"]
[BlackElo "2158"]
[PlyCount "140"]
[EventDate "2020.08.24"]
[EventType "swiss (blitz)"]

1. e4 {[%emt 0:00:01]} c6 {[%emt 0:00:01]} 2. d4 {[%emt 0:00:01]} d5 {[%emt 0:00:00]} 3. exd5 {[%emt 0:00:00]} cxd5 {[%emt 0:00:00]} 4. Bd3 {[%emt 0:00:00]} Nc6 {[%emt 0:00:01]} 5. c3 {[%emt 0:00:01]} Nf6 {[%emt 0:00:03]} 6. Ne2 {[%emt 0:00:01]} Bg4 {[%emt 0:00:01]} 7. O-O {[%emt 0:00:01]} Bh5 {[%emt 0:00:02]} 8. Qe1 {[%emt 0:00:01]} Bg6 {[%emt 0:00:02]} 9. Nf4 {[%emt 0:00:02]} Bxd3 {[%emt 0:00:02]} 10. Nxd3 {[%emt 0:00:01]} e6 {[%emt 0:00:00]} 11. Nd2 {[%emt 0:00:01]} Bd6 {[%emt 0:00:01]} 12. Nf3 {[%emt 0:00:01]} O-O {[%emt 0:00:00]} 13. Nfe5 {[%emt 0:00:01]} Bxe5 {[%emt 0:00:01]} 14. Nxe5 {[%emt 0:00:01]} Nxe5 {[%emt 0:00:01]} 15. Qxe5 {[%emt 0:00:01]} Qb8 {[%emt 0:00:01]} 16. Bf4 {[%emt 0:00:03]} Qxe5 {[%emt 0:00:02]} 17. Bxe5 {[%emt 0:00:01]} Nd7 {[%emt 0:00:02]} 18. Bd6 {[%emt 0:00:04]} Rfc8 {[%emt 0:00:04]} 19. f4 {[%emt 0:00:01]} g6 {[%emt 0:00:08]} 20. g4 {[%emt 0:00:02]} Nf6 {[%emt 0:00:04]} 21. h3 {[%emt 0:00:07]} h5 {[%emt 0:00:08]} 22. Be7 {[%emt 0:00:07]} Ne4 {[%emt 0:00:07]} 23. f5 {[%emt 0:00:05]} hxg4 {[%emt 0:00:07]} 24. fxe6 {[%emt 0:00:08]} fxe6 {[%emt 0:00:04]} 25. hxg4 {[%emt 0:00:01]} Re8 {[%emt 0:00:04]} 26. Ba3 {[%emt 0:00:11]} Nd2 {[%emt 0:00:13]} 27. Rf2 {[%emt 0:00:10]} Nc4 {[%emt 0:00:00]} 28. Raf1 {[%emt 0:00:24]} Nxa3 {[%emt 0:00:04]} 29. bxa3 {[%emt 0:00:01]} Rf8 {[%emt 0:00:00]} 30. Rf6 {[%emt 0:00:03]} Rxf6 {[%emt 0:00:19]} 31. Rxf6 {[%emt 0:00:00]} Re8 {[%emt 0:00:01]} 32. Rxg6+ {[%emt 0:00:01]} Kf7 {[%emt 0:00:00]} 33. Rh6 {[%emt 0:00:01]} Kg7 {[%emt 0:00:00]} 34. Rh5 {[%emt 0:00:02]} Rc8 {[%emt 0:00:01]} 35. Rh3 {[%emt 0:00:02]} Rc6 {[%emt 0:00:03]} 36. Kf2 {[%emt 0:00:06]} Ra6 {[%emt 0:00:00]} 37. Kf3 {[%emt 0:00:02]} Rxa3 {[%emt 0:00:01]} 38. Kf4 {[%emt 0:00:01]} Rxa2 {[%emt 0:00:03]} 39. Ke5 {[%emt 0:00:01]} Re2+ {[%emt 0:00:01]} 40. Kd6 {[%emt 0:00:01]} a5 {[%emt 0:00:06]} 41. Rh1 {[%emt 0:00:19]} a4 {[%emt 0:00:09]} 42. Ra1 {[%emt 0:00:02]} b5 {[%emt 0:00:01]} 43. Kc5 {[%emt 0:00:00]} Rb2 {[%emt 0:00:01]} 44. Kd6 {[%emt 0:00:01]} Rb3 {[%emt 0:00:04]} 45. Kxe6 {[%emt 0:00:01]} Rxc3 {[%emt 0:00:01]} 46. Kxd5 {[%emt 0:00:01]} Rc8 {[%emt 0:00:01]} 47. Ke6 {[%emt 0:00:03]} Ra8 {[%emt 0:00:06]} 48. d5 {[%emt 0:00:01]} b4 {[%emt 0:00:01]} 49. d6 {[%emt 0:00:01]} b3 {[%emt 0:00:02]} 50. d7 {[%emt 0:00:06]} b2 {[%emt 0:00:08]} 51. Rf1 {[%emt 0:00:01]} a3 {[%emt 0:00:02]} 52. Rf7+ {[%emt 0:00:07]} Kg6 {[%emt 0:00:02]} 53. Rf6+ {[%emt 0:00:01]} Kg5 {[%emt 0:00:02]} 54. Rf1 {[%emt 0:00:01]} a2 {[%emt 0:00:02]} 55. Ke7 {[%emt 0:00:03]} Ra7 {[%emt 0:00:04]} 56. Ke8 {[%emt 0:00:01]} Rxd7 {[%emt 0:00:01]} 57. Kxd7 {[%emt 0:00:01]} b1=Q {[%emt 0:00:01]} 58. Rf5+ {[%emt 0:00:01]} Qxf5+ {[%emt 0:00:03]} 59. gxf5 {[%emt 0:00:01]} Kxf5 {[%emt 0:00:00]} 60. Kd6 {[%emt 0:00:00]} a1=Q {[%emt 0:00:00]} 61. Kc5 {[%emt 0:00:00]} Qe5+ {[%emt 0:00:00]} 62. Kc4 {[%emt 0:00:01]} Ke6 {[%emt 0:00:00]} 63. Kd3 {[%emt 0:00:01]} Qd5+ {[%emt 0:00:00]} 64. Kc3 {[%emt 0:00:01]} Kd6 {[%emt 0:00:00]} 65. Kc2 {[%emt 0:00:01]} Kc5 {[%emt 0:00:00]} 66. Kc3 {[%emt 0:00:01]} Qd4+ {[%emt 0:00:00]} 67. Kc2 {[%emt 0:00:01]} Kc4 {[%emt 0:00:00]} 68. Kc1 {[%emt 0:00:02]} Qd3 {[%emt 0:00:00]} 69. Kb2 {[%emt 0:00:01]} Qe2+ {[%emt 0:00:01]} 70. Ka3 {[%emt 0:00:00]} Qd2 {[%emt 0:00:02] Zeit Zeit Zeit (Lag: Av=0.51s, max=1.0s) (Lag: Av=0.51s, max=1.0s) (Lag: Av=0.51s, max=1.0s)} 0-1

[Event "Stay Safe Play From Home 407"]
[Site "Emanuel Lasker Arena"]
[Date "2020.08.24"]
[Round "8"]
[White "Lazieri3"]
[Black "Klasman"]
[Result "1-0"]
[WhiteElo "1940"]
[BlackElo "1512"]
[PlyCount "41"]
[EventDate "2020.08.24"]
[EventType "swiss (blitz)"]

1. e4 {[%emt 0:00:01]} f5 {[%emt 0:00:58]} 2. Nc3 {[%emt 0:00:00]} Nf6 {[%emt 0:00:04]} 3. exf5 {[%emt 0:00:39]} d5 {[%emt 0:00:08]} 4. Bd3 {[%emt 0:00:02]} c5 {[%emt 0:00:04]} 5. b3 {[%emt 0:00:02]} Nc6 {[%emt 0:00:09]} 6. Nf3 {[%emt 0:00:01]} e6 {[%emt 0:00:04]} 7. fxe6 {[%emt 0:00:01]} Bd6 {[%emt 0:00:01]} 8. O-O {[%emt 0:00:01]} O-O {[%emt 0:00:01]} 9. Ng5 {[%emt 0:00:02]} Qc7 {[%emt 0:00:14]} 10. Nxd5 {[%emt 0:00:20]} Bxh2+ {[%emt 0:00:06]} 11. Kh1 {[%emt 0:00:02]} Nxd5 {[%emt 0:00:02]} 12. Bxh7+ {[%emt 0:00:03]} Kh8 {[%emt 0:00:08]} 13. Qh5 {[%emt 0:00:01]} Nf6 {[%emt 0:00:10]} 14. Nf7+ {[%emt 0:00:58]} Qxf7 {[%emt 0:00:05]} 15. Qxf7 {[%emt 0:00:09]} Rxf7 {[%emt 0:00:03]} 16. exf7 {[%emt 0:00:00]} Nxh7 {[%emt 0:00:17]} 17. Kxh2 {[%emt 0:00:03]} Be6 {[%emt 0:00:11]} 18. Bb2 {[%emt 0:00:01]} Bxf7 {[%emt 0:00:04]} 19. Rae1 {[%emt 0:00:00]} Nf6 {[%emt 0:00:06]} 20. f3 {[%emt 0:00:02]} Rd8 {[%emt 0:00:02]} 21. d3 {[%emt 0:00:01] Time Time Time (Lag: Av=0.56s, max=0.7s) (Lag: Av=0.56s, max=0.7s) (Lag: Av=0.56s, max=0.7s)} 1-0

[Event "Stay Safe Play From Home 407"]
[Site "Emanuel Lasker Arena"]
[Date "2020.08.24"]
[Round "8"]
[White "Dukic"]
[Black "Mepe_Nika"]
[Result "0-1"]
[WhiteElo "1811"]
[BlackElo "2349"]
[PlyCount "98"]
[EventDate "2020.08.24"]
[EventType "swiss (blitz)"]

1. c4 {[%emt 0:00:07]} c6 {[%emt 0:00:01]} 2. Nc3 {[%emt 0:00:02]} d5 {[%emt 0:00:00]} 3. cxd5 {[%emt 0:00:01]} cxd5 {[%emt 0:00:01]} 4. d4 {[%emt 0:00:00]} Nf6 {[%emt 0:00:01]} 5. Nf3 {[%emt 0:00:02]} Nc6 {[%emt 0:00:01]} 6. Bf4 {[%emt 0:00:01]} a6 {[%emt 0:00:01]} 7. Ne5 {[%emt 0:00:02]} Nh5 {[%emt 0:00:22]} 8. Be3 {[%emt 0:00:12]} e6 {[%emt 0:00:11]} 9. g3 {[%emt 0:00:04]} Bd6 {[%emt 0:00:10]} 10. f4 {[%emt 0:00:06]} Nf6 {[%emt 0:00:03]} 11. Bg2 {[%emt 0:00:02]} O-O {[%emt 0:00:01]} 12. Bf3 {[%emt 0:00:01]} Qb6 {[%emt 0:00:05]} 13. Qd2 {[%emt 0:00:02]} Bb4 {[%emt 0:00:06]} 14. Rc1 {[%emt 0:00:02]} Ne7 {[%emt 0:00:05]} 15. g4 {[%emt 0:00:04]} Ne4 {[%emt 0:00:07]} 16. Bxe4 {[%emt 0:00:12]} dxe4 {[%emt 0:00:01]} 17. a3 {[%emt 0:00:19]} Bxc3 {[%emt 0:00:08]} 18. bxc3 {[%emt 0:00:02]} Nd5 {[%emt 0:00:05]} 19. Bf2 {[%emt 0:00:03]} f6 {[%emt 0:00:12]} 20. Nc4 {[%emt 0:00:08]} Qc7 {[%emt 0:00:01]} 21. Nb2 {[%emt 0:00:04]} Qxf4 {[%emt 0:00:07]} 22. Qxf4 {[%emt 0:00:08]} Nxf4 {[%emt 0:00:00]} 23. Bg3 {[%emt 0:00:02]} Nd5 {[%emt 0:00:10]} 24. c4 {[%emt 0:00:06]} Ne3 {[%emt 0:00:11]} 25. h3 {[%emt 0:00:01]} f5 {[%emt 0:00:00]} 26. Kd2 {[%emt 0:00:05]} Ng2 {[%emt 0:00:06]} 27. Rhg1 {[%emt 0:00:03]} f4 {[%emt 0:00:10]} 28. Rxg2 {[%emt 0:00:03]} fxg3 {[%emt 0:00:01]} 29. Rxg3 {[%emt 0:00:00]} Bd7 {[%emt 0:00:00]} 30. Ke3 {[%emt 0:00:02]} Bc6 {[%emt 0:00:01]} 31. Nd1 {[%emt 0:00:02]} b5 {[%emt 0:00:05]} 32. c5 {[%emt 0:00:10]} a5 {[%emt 0:00:03]} 33. Nc3 {[%emt 0:00:01]} b4 {[%emt 0:00:01]} 34. Nxe4 {[%emt 0:00:10]} bxa3 {[%emt 0:00:01]} 35. Ra1 {[%emt 0:00:02]} Rab8 {[%emt 0:00:03]} 36. Rxa3 {[%emt 0:00:02]} a4 {[%emt 0:00:00]} 37. Nd6 {[%emt 0:00:01]} Rb3+ {[%emt 0:00:01]} 38. Kd2 {[%emt 0:00:04]} Rfb8 {[%emt 0:00:03]} 39. Rgxb3 {[%emt 0:00:03]} axb3 {[%emt 0:00:00]} 40. Kc1 {[%emt 0:00:05]} Bg2 {[%emt 0:00:03]} 41. h4 {[%emt 0:00:02]} b2+ {[%emt 0:00:01]} 42. Kb1 {[%emt 0:00:02]} Bf1 {[%emt 0:00:00]} 43. Ra2 {[%emt 0:00:02]} Bxe2 {[%emt 0:00:02]} 44. Rxb2 {[%emt 0:00:00]} Rxb2+ {[%emt 0:00:02]} 45. Kxb2 {[%emt 0:00:01]} Bxg4 {[%emt 0:00:00]} 46. Kc3 {[%emt 0:00:01]} e5 {[%emt 0:00:00]} 47. d5 {[%emt 0:00:01]} g5 {[%emt 0:00:02]} 48. c6 {[%emt 0:00:01]} gxh4 {[%emt 0:00:01]} 49. c7 {[%emt 0:00:01]} h3 {[%emt 0:00:00] Zeit Zeit Zeit (Lag: Av=0.46s, max=1.4s) (Lag: Av=0.46s, max=1.4s) (Lag: Av=0.46s, max=1.4s)} 0-1